000 00837nam a22002537a 4500
001 4060
003 FISKH
005 20240610082647.0
008 240604b cb ||||| |||| 00| 0 eng d
020 _a9781612360560
040 _aFISKH
_beng
_cFISKH
_dFISKH
100 _aReasoner, Charles
_eauthor
245 _aTrains ! :
_bBig Busy Machines /
_cby Charles Reasoner
260 _aVero Beach , Florida :
_bRourke Educational Media ;
_c2011
300 _a8 unnumbered pages :
_bcolor illustrations ;
_c14 cm .
490 _aLittle Briddle Book
505 _aE
520 _aIllustrations and simple text show how a train takes passengers from the country to the city. On board pages
521 8 _a260
_bLexile
521 8 _aE
_bRaz-Plus
650 _aTrains
_vFiction
942 _2ddc
_cBK
_n0
999 _c4060
_d4060